000 01751nam a2200349 i 4500
001 177353
003 ES-MaACL
005 20250829063132.0
008 110316e2009 sp ad|||r 001 0|spa
017 _aNA 1037-2009
_bOficina Depósito Legal Navarra
020 _a978-84-9769-246-5
080 _a37.043(460)"18/20"(063)
080 _a376(460)"18/20"(063)
080 _a37.013.42(460)"18/20"(063)
111 2 _aColoquio de Historia de la Educación
_n(15º.
_d2009.
_cPamplona)
_9145677
245 1 3 _aEl largo camino hacia una educación inclusiva :
_bla educación especial y social del siglo XIX a nuestros días : Pamplona-Iruñea, 29, 30 de junio y 1 de julio de 2009 /
_cXV Coloquio de Historia de la Educación ; Reyes Berruezo Albéniz, Susana Conejero López (coordinadoras)
260 _a[Pamplona] :
_bUniversidad Pública de Navarra = Nafarroako Unibertsitate Publikoa,
_c[2009]
300 _a2 volúmenes (826 ; 780 páginas) :
_bilustraciones, gráficos ;
_c24 cm
_e
504 _aReferencias bibliográficas
650 4 _aEducación inclusiva-
_zEspaña-
_vCongresos y asambleas
_9145678
650 4 _aEducación especial-
_zEspaña-
_vCongresos y asambleas
_9145679
650 4 _aPedagogía social-
_zEspaña-
_vCongresos y asambleas
_913839
655 4 _aConferencias
_9234444
700 1 _aBerruezo Albéniz, Reyes,
_d1951-
_ecoor
_9145680
700 1 _aConejero López, Susana
_ecoor
_9145681
710 2 _aUniversidad Pública de Navarra
_eedt
_97458
852 4 _aES-MaACL
_bR.145745
_cDEPO1
_dOlim: N-4048
_jA-11043
_pv. 1
_9184171
852 4 _aES-MaACL
_bR.145745
_cDEPO1
_dOlim: N-4049
_jA-11044
_pv. 2
_9 200453
942 _2udc
_cMONOGRAFIA
_n0
999 _c177353
_d177353